|
|
|
|
| LEADER |
00000cam a2200000 7i4500 |
| 001 |
0000000567 |
| 005 |
20000908.0 |
| 020 |
0 |
0 |
|a 1853836931
|
| 090 |
0 |
0 |
|a 363.70526
|b FRE 2000
|
| 100 |
1 |
0 |
|a FRENCH
|h Hilary
|
| 245 |
1 |
0 |
|a Vanishing borders :
|b Protecting the planet in the age of globalization
|c Hilary French
|
| 260 |
0 |
0 |
|a London :
|b Earthscan Pub. ,
|c 2000
|
| 300 |
|
|
|a xi, 257 p. :
|b ill., map ;
|c 22 cm.
|
| 500 |
0 |
0 |
|a Includes index
|
| 650 |
0 |
0 |
|a Environmental policy
|x International cooperation
|
| 650 |
0 |
0 |
|a Environmental protection
|x International cooperation
|
| 650 |
0 |
0 |
|a Global environmental change
|x International cooperation
|
| 650 |
0 |
0 |
|a Sustainable development
|x International cooperation
|
| 999 |
|
|
|a 0000001664
|b Monograph
|c Open Shelf
|e Default branch
|